Secrets from the afterlife

Bibliographic Details
Main Author: Fry, Colin
Format: Book
Published: London : Random House Group Ltd , 2008
Subjects:

MARC

LEADER 00000cam a2200000 7i4500
001 0000061303
005 20160314.0
008 160314
020 |a 9781846040924 
090 0 0 |a 133.9013   |b FRY 
100 1 |a Fry, Colin 
245 1 0 |a Secrets from the afterlife   |c Colin Fry 
260 |a London :   |b Random House Group Ltd ,   |c 2008 
300 |a 207 p. :   |b ill.,col. ;   |c 19.8 cm. 
650 0 |a Future life 
999 |a 0001393190   |b Book   |c Adult Collection   |e Cawangan Urban Transformation Centre